LEADER 01111nam0 22002891i 450 001 UON00517381 005 20231205105528.31 010 $a31-00-42219-8 100 $a20230915d2003 |0itac50 ba 101 $ager 102 $aDE 105 $a|||| ||||| 200 1 $a49 Fragen und Antworten zu Thomas Mann$fThomas Klugkist 210 $aFrankfurt am Main$cS. Fischer$d2003 215 $a316 p.$cill.$d21 cm 606 $aLetteratura Tedesca$xStudi$3UONC062204$2FI 606 $aMANN THOMAS$3UONC040204$2FI 620 $aDE$dFrankfurt am Main$3UONL003175 676 $a830.09$cLetteratura tedesca. Storia, descrizione, studi critici$v21 700 1$aKLUGKIST$bThomas$3UONV291950$0841207 712 $aFischer$3UONV248943$4650 801 $aIT$bSOL$c20250523$gRICA 899 $aSIBA - SISTEMA BIBLIOTECARIO DI ATENEO$2UONSI 912 $aUON00517381 950 $aSIBA - SISTEMA BIBLIOTECARIO DI ATENEO$dSI F. Goethe 830 MAN T 4 3607 $eSI 45464 5 3607 996 $a49 Fragen und Antworten zu Thomas Mann$93904107 997 $aUNIOR LEADER 01446nam0 22003011i 450 001 UON00015345 005 20231205101952.156 010 $a34-277-6371-4 100 $a20020107d1993 |0itac50 ba 101 $ager 102 $aDE 105 $a|||| 1|||| 200 1 $aˆDas ‰Kaghan-Tal im Westhimalaya (Pakistan)$eStudien zur landsckahtsokologischen Differenzierung und zum Landschaftswandel mit vegetationskundlichem Ansatz$fUdo Schickoff 210 $aBonn$cIn Komm. bei Ferd. Dummlers$d1993 215 $aXV, 268 p.$cill.$d23 cm$eall. di carte 410 1$1001UON00020615$12001 $aBonner Geographische Abhandlungen$fhrsg. von W. Lauer ... [et al.]$1210 $aBonn$cIn Kommission bei Ferd. Dummlers Verlag$d1950- v. ; cm$v87 606 $aBOTANICA$xHIMALAYA$xGeomorfologia$3UONC014078$2FI 606 $aEconomia agraria$xHimalaya$3UONC011418$2FI 620 $aDE$dBonn$3UONL000478 686 $aSI XVIII E$cSUBCONT. INDIANO - SCIENZE PURE E APPLICATE - BOTANICA$2A 700 1$aSCHICKHOFF$bUdo$3UONV026426$0270333 712 $aDümmler$3UONV248603$4650 801 $aIT$bSOL$c20250711$gRICA 899 $aSIBA - SISTEMA BIBLIOTECARIO DI ATENEO$2UONSI 912 $aUON00015345 950 $aSIBA - SISTEMA BIBLIOTECARIO DI ATENEO$dSI SI XVIII E 018 N $eSI SA 90712 5 018 N 996 $aKaghan - Tal im Westhimalaya (Pakistan$9675237 997 $aUNIOR